[Event "Wellington Club Championship - Open Swiss"]
[Site "Wellington Chess Club"]
[Date "2024.10.17"]
[Round "4.15"]
[White "Kumar, Raghava"]
[Black "Pham, Anthony"]
[Result "1/2-1/2"]
[WhiteElo "1500"]
[BlackElo "1151"]
[WhiteFideId "0"]
[BlackFideId "0"]
[PlyCount "0"]
[EventDate "2024.09.26"]
[SourceDate ""]

1. d4 d5 2. f4 Nf6 3. Nf3 Bg4 4. Qd3 Bxf3 5. Qxf3 Nc6 6. c3 Qd7 7. e3 Qg4 8.
Be2 Qxf3 9. Bxf3 e6 10. Nd2 Bd6 11. g3 O-O-O 12. O-O Nd7 13. e4 dxe4 14. Nxe4
f5 15. Ng5 Rde8 16. Nf7 Rhf8 17. Nxd6+ cxd6 18. b3 e5 19. d5 Nd8 20. Ba3 Rf6
21. Rac1 Nf7 22. Bb2 b5 23. c4 bxc4 24. Rxc4+ Kd8 25. Rfc1 Nc5 26. b4 Nd3 27.
Rc8+ Ke7 28. R1c7+ Kf8 29. Bc3 g5 30. Be2 Nc1 31. Bc4 gxf4 32. Bb2 Rg6 33. Bxc1
fxg3 34. Rxe8+ Kxe8 35. h4 Rg4 36. h5 f4 37. Be2 Rh4 38. Bf3 Ng5 39. Bg2 Rg4
40. Rg7 Nh3+ 41. Bxh3 Rxg7 42. Kg2 Rc7 43. Ba3 Rc2+ 44. Kf3 Rxa2 45. Bc1 a6 46.
Bf1 Ra1 47. Bd3 Rxc1 48. Bxh7 Rc8 49. h6 Ke7 50. Bf5 Kf6 51. Bd3 Rb8 52. h7 Kg7
53. Bxa6 Rxb4 54. Bf1 Rd4 55. Kg4 Kxh7 56. Bg2 Kg6 57. Bf3 e4 58. Bh1 Rxd5 59.
Bxe4+ Kf6 60. Bxd5 Ke5 61. Bf3 d5 62. Be2 Ke4 1/2-1/2

[Event "Wellington Club Championship - Open Swiss"]
[Site "Wellington Chess Club"]
[Date "2024.10.17"]
[Round "4.17"]
[White "Pham, Luca"]
[Black "Hao, John"]
[Result "0-1"]
[WhiteElo "947"]
[BlackElo "1045"]
[WhiteFideId "0"]
[BlackFideId "4326377"]
[PlyCount "0"]
[EventDate "2024.09.26"]
[SourceDate ""]

1. e4 c5 2. d4 cxd4 3. Qxd4 Nc6 4. Qc4 e5 5. Nf3 Be7 6. Be2 Nf6 7. O-O O-O 8.
Be3 d5 9. exd5 Qxd5 10. Qh4 e4 11. Bg5 exf3 12. Bd3 Rd8 13. Bxf6 Bxf6 14. Qxh7+
Kf8 15. Re1 g6 16. Nc3 Qg5 17. g3 Bf5 18. Bc4 Bg7 19. h4 Qh6 20. Qxh6 Bxh6 21.
b4 Bd2 22. Red1 Bxc3 23. Rxd8+ Rxd8 24. Rb1 Nxb4 25. a3 Nxc2 26. Rxb7 Nxa3 27.
Rxf7+ Ke8 28. Rh7 Nxc4 29. h5 gxh5 30. Rxh5 Nd6 31. g4 Bxg4 32. Rh4 Bd7 33. Kh2
Be5+ 34. Kg1 a5 35. Rh8+ Bxh8 36. Kh2 a4 37. Kg3 a3 38. Kh4 a2 39. Kh5 a1=Q 40.
Kh6 Qg7+ 41. Kh5 Ne4 42. Kh4 Qg5# 0-1

[Event "Wellington Club Championship - Open Swiss"]
[Site "Wellington Chess Club"]
[Date "2024.10.17"]
[Round "4.18"]
[White "Hamilton, Marcus"]
[Black "Ravi, Vrajesh"]
[Result "0-1"]
[WhiteElo "1300"]
[BlackElo "1114"]
[WhiteFideId "0"]
[BlackFideId "4326407"]
[PlyCount "0"]
[EventDate "2024.09.26"]
[SourceDate ""]

1. e4 e5 2. Nf3 Nc6 3. Bb5 a6 4. Ba4 b5 5. Bb3 Nf6 6. d3 Bb4+ 7. Nbd2 Bxd2+ 8.
Bxd2 a5 9. O-O O-O 10. Bg5 h6 11. Be3 a4 12. Bd5 Ng4 13. Qe2 Bb7 14. Rad1 Na5
15. Bxb7 Nxb7 16. d4 exd4 17. Nxd4 Nxe3 18. Qxe3 Qf6 19. c3 c6 20. e5 Qg5 21.
Qxg5 hxg5 22. Rd3 f6 23. e6 dxe6 24. Nxe6 Rfc8 25. Rd7 Nd8 26. Rxg7+ Kh8 27.
Re7 Nxe6 28. Rxe6 a3 29. b3 f5 30. Rfe1 c5 31. Rg6 Rg8 32. Rxg8+ Rxg8 33. Re5
c4 34. b4 f4 35. g3 fxg3 36. fxg3 Kh7 37. Rxb5 Rd8 38. Rxg5 Rd2 39. b5 Rxa2 40.
b6 Rb2 41. Ra5 Rxb6 42. Rxa3 Rb3 43. Ra7+ Kg6 44. Ra6+ Kf5 45. Kg2 Rxc3 46.
Ra5+ Ke4 47. Ra1 Rc2+ 48. Kh3 c3 49. Re1+ Kd3 50. Ra1 Rb2 51. Ra3 Kd2 52. Rxc3
Kxc3 53. g4 Kd4 54. g5 Ke5 0-1

[Event "Wellington Club Championship - Open Swiss"]
[Site "Wellington Chess Club"]
[Date "2024.10.17"]
[Round "4.20"]
[White "Lavender, Ariel J"]
[Black "List, Robert"]
[Result "1-0"]
[WhiteElo "1547"]
[BlackElo "1653"]
[WhiteFideId "0"]
[BlackFideId "4303490"]
[PlyCount "0"]
[EventDate "2024.09.26"]
[SourceDate ""]

1. e4 b6 2. d4 Bb7 3. Bd3 Nf6 4. Qe2 e6 5. c4 Nc6 6. Nf3 Nb4 7. Nc3 Nxd3+ 8.
Qxd3 Bb4 9. d5 exd5 10. exd5 Qe7+ 11. Be3 O-O-O 12. O-O h5 13. Rfe1 Bxc3 14.
Bd2 Qd6 15. Bxc3 Ng4 16. Bxg7 Rhg8 17. Bc3 h4 18. h3 Nxf2 19. Kxf2 Qg3+ 20. Ke3
Qxg2 21. Re2 Qxh3 22. Rh2 Rde8+ 23. Kf2 Qg3+ 24. Kf1 h3 25. Re1 Rxe1+ 26. Bxe1
Qg4 27. Bf2 d6 28. Nd4 Kb8 29. Qf3 Qg6 30. Rxh3 Qb1+ 31. Be1 Qxb2 32. Ne2 Ba6
33. Qxf7 Rg7 34. Rh8+ Kb7 35. Qf8 (35. Qf8 {Stockfish 11 64 0.00 (depth 44)} 
Rf7+ 36. Qxf7 Qxh8 37. Bg3 Kb8 38. Qe7 Bxc4 39. Bxd6 Bxe2+ 40. Kxe2 cxd6 41.
Qxd6+ Kc8 42. Qc6+ Kb8) 1-0

[Event "Wellington Club Championship - Open Swiss"]
[Site "Wellington Chess Club"]
[Date "2024.10.17"]
[Round "4.22"]
[White "Rose, Jim"]
[Black "Qin, Dan"]
[Result "1-0"]
[WhiteElo "1522"]
[BlackElo "1177"]
[WhiteFideId "4326776"]
[BlackFideId "0"]
[PlyCount "0"]
[EventDate "2024.09.26"]
[SourceDate ""]

1. d4 Nf6 2. Nf3 e6 3. e3 b6 4. Bd3 Bb7 5. Nbd2 Be7 6. b3 O-O 7. Bb2 Nc6 8. O-O
Nb4 9. Be2 Rc8 10. a3 Nc6 11. Bd3 d6 12. e4 Nb8 13. e5 Nfd7 14. Qe2 f5 15. exf6
Nxf6 16. Qxe6+ Kh8 17. Qh3 Nbd7 18. Ng5 1-0

[Event "Wellington Club Championship - Open Swiss"]
[Site "Wellington Chess Club"]
[Date "2024.10.24"]
[Round "5.1"]
[White "Marney, John"]
[Black "Coates, Alex"]
[Result "0-1"]
[WhiteElo "1696"]
[BlackElo "1887"]

1. e4 c6 2. d4 d5 3. exd5 cxd5 4. Bd3 Nf6 5. h3 Nc6 6. c3 e6 7. Nf3 h6 8. Bf4
Bd6 9. Bxd6 Qxd6 10. O-O O-O 11. Re1 a6 12. a4 Bd7 13. Nbd2 Qf4 14. g3 Qd6 15.
Ne5 Rfe8 16. Ndf3 Rac8 17. Qe2 Na7 18. Nxd7 Nxd7 19. Ne5 Nxe5 20. dxe5 Qe7 21.
Rad1 Nc6 22. Qh5 Na5 23. Kg2 Nc4 24. Qe2 Nb6 25. Bb1 g6 26. Rd4 Rc4 27. Bc2
Rxd4 28. cxd4 Qb4 29. Rd1 Nxa4 30. Ra1 Nb6 31. Ra3 Qxb2 32. Rf3 Rc8 33. Rxf7
Qxc2 34. Qf3 Nd7 35. Rxd7 Rf8 36. Rd8 Rxd8 37. Qf6 Rf8 38. Qxe6+ Kh8 0-1

[Event "Wellington Club Championship - Open Swiss"]
[Site "Wellington Chess Club"]
[Date "2024.10.24"]
[Round "5.2"]
[White "Qu, Lucas"]
[Black "Thirkell, Zachary"]
[Result "0-1"]
[WhiteElo "1620"]
[BlackElo "1834"]

1. e4 c6 2. d4 d5 3. exd5 cxd5 4. Bd3 Nc6 5. c3 Nf6 6. h3 e6 7. Nf3 Bd6 8. Qc2
O-O 9. Bg5 $6 { Inaccuracy. O-O was best. }  (9. O-O h6 10. Re1 Nd7 11. Qd1 b6
12. Na3 Bb7 13. Nc2 Qc7 14. a3 Nf6) 9... h6 10. Bh4 Re8 $6 { Inaccuracy. Qb6
was best. }  (10... Qb6 11. Bxf6 gxf6 12. Nh4 e5 13. Bf5 Ne7 14. Nd2 Re8 15.
Bxc8 Raxc8 16. O-O) 11. Nbd2 e5 12. dxe5 Nxe5 13. O-O-O Nxd3+ 14. Qxd3 Be7 15.
g4 $6 { Inaccuracy. Rhe1 was best. }  (15. Rhe1) 15... Be6 16. g5 $2 { Mistake.
Nd4 was best. }  (16. Nd4 Bd7) 16... Nd7 $6 { Inaccuracy. Nh5 was best. }  (
16... Nh5 17. Nb3 hxg5 18. Bg3 Bf6 19. Nc5 Rc8 20. Nxe6 Rxe6 21. h4 g4 22. Ng5)
17. Rhg1 g6 $4 { Blunder. Nc5 was best. }  (17... Nc5 18. Qd4) 18. Qd4 $4 {
Blunder. gxh6 was best. }  (18. gxh6 Bxh4 19. Rxg6+ Kh8 20. Rg7 f5 21. Re1 Qf6
22. Rxe6 Rxe6 23. Rxd7 Bxf2 24. Qxd5 Rae8) 18... h5 19. Nb3 b5 20. Ne5 $2 {
Mistake. Qd3 was best. }  (20. Qd3 b4 21. Nfd4 Ne5 22. Qg3 Bd6 23. f4 Nc4 24.
Qf3 bxc3 25. f5 cxb2+) 20... Nxe5 21. Qxe5 Bf8 22. Qg3 $6 { Inaccuracy. Bg3 was
best. }  (22. Bg3 b4 23. Qf6 Be7 24. Qd4 Bxh3 25. Be5 Bxg5+ 26. f4 Bh6 27. Kb1
Bf5+) 22... b4 23. Nd4 bxc3 24. Nxe6 Rxe6 25. Qd3 Qb6 26. b3 Qc5 27. Qc2 d4 28.
f4 Rae8 29. Rg2 Bg7 30. Rf2 Re3 31. Rh2 Qa3+ 32. Kb1 Qa6 33. Rdh1 $2 { 16]  
Checkmate is now unavoidable. f5 was best. }  (33. f5 d3 34. Rxd3 Rxd3 35. Rh1
gxf5 36. a4 Rd4 37. Be1 Qc6 38. Rg1 Rdd8) 33... d3 34. Qc1 $6 { 7]   Checkmate
is now unavoidable. Qxc3 was best. }  (34. Qxc3 Bxc3) 34... c2+ 35. Rxc2 dxc2+
36. Qxc2 Re2 37. Qc1 Qxa2# 0-1

[Event "Wellington Club Championship - Open Swiss"]
[Site "Wellington Chess Club"]
[Date "2024.10.24"]
[Round "5.3"]
[White "Ashe, Michael"]
[Black "Rose, Jim"]
[Result "1-0"]
[WhiteElo "1591"]
[BlackElo "1522"]

1. d4 b6 2. e4 Bb7 3. Bd3 e6 4. Nf3 Bb4+ 5. Bd2 Bxd2+ 6. Nbxd2 d6 7. c4 Nf6 8.
O-O O-O 9. Qc2 h6 10. b4 a5 11. b5 Nbd7 12. a4 Rc8 13. Nb3 c5 14. d5 Re8 15. h3
exd5 16. exd5 Bxd5 17. cxd5 Nxd5 18. Bc4 Nb4 19. Qd2 Nf6 20. Rad1 d5 21. Qb2
Qc7 22. Be2 Re4 23. Rfe1 Rce8 24. Bf1 d4 25. Nbd2 Rxe1 26. Rxe1 Rxe1 27. Nxe1
Nbd5 28. Bc4 Nc3 29. Nb1 Nce4 30. Nd3 Kf8 31. Qe2 Nd6 32. Nd2 Nxc4 33. Nxc4 Nd5
34. Qe5 Qxe5 35. Ndxe5 Ke7 36. Nc6+ Ke6 37. Kf1 Kd7 38. Ke1 f6 39. g3 Kc7 40.
Kd2 Nc3 41. Nb2 Kd7 42. Kd3 Ke6 43. Kc4 Ne4 44. Nd3 Nc3 45. Kb3 Kd5 46. Nf4+
Ke4 47. Ne7 Ke5 48. Nc8 g5 49. Ng2 Nd5 50. Ne1 Ke4 51. Kc2 c4 52. Nd6+ Ke5 53.
Nxc4+ Ke4 54. f3+ Kf5 55. Kd3 Nb4+ 56. Kxd4 Ke6 57. Nxb6 Kd6 58. Nd3 Nc2+ 59.
Kc3 Ne3 60. Nc4+ Nxc4 61. Kxc4 1-0

[Event "Wellington Club Championship - Open Swiss"]
[Site "Wellington Chess Club"]
[Date "2024.10.24"]
[Round "5.5"]
[White "Saglam, Yigit"]
[Black "Lieser, Joshua"]
[Result "1-0"]
[WhiteElo "1810"]
[BlackElo "1643"]

1. d4 f5 2. g3 Nf6 3. Nf3 g6 4. c4 Bg7 5. Nc3 O-O 6. Bg2 d6 7. O-O Nbd7 8. Ng5
Nb6 9. c5 dxc5 10. dxc5 Qxd1 11. Rxd1 Nc4 12. Nd5 e6 13. Nxc7 Rb8 14. Ncxe6 Re8
15. Nxg7 Kxg7 16. b3 h6 17. Nf3 Na5 18. Bf4 Ra8 19. e3 Nc6 20. Nd4 Ne5 21. Nb5
Re7 22. Rac1 g5 23. Bxe5 Rxe5 24. Nd6 Be6 25. Nxb7 Rc8 26. c6 Kg6 27. Nd6 Rc7
28. Nc4 Rc5 29. f4 Kg7 30. Nd6 Ra5 31. Rd2 Kg6 32. e4 fxe4 33. Nxe4 Nxe4 34.
Bxe4+ Kf6 35. fxg5+ hxg5 36. Kf2 Ke5 37. Re1 Kf6 38. Bg2 Rf5+ 39. Kg1 Rc5 40.
Rd6 Re5 41. Rxe5 Kxe5 42. Rd3 Bc8 43. b4 Ba6 44. Rd5+ Ke6 45. b5 Bc8 46. Rxg5
1-0

[Event "Wellington Club Championship - Open Swiss"]
[Site "Wellington Chess Club"]
[Date "2024.10.24"]
[Round "5.6"]
[White "Sova, Leo"]
[Black "Kang, Eushin"]
[Result "0-1"]
[WhiteElo "1646"]
[BlackElo "1500"]

1. e4 c6 2. d4 d5 3. e5 Bf5 4. Nf3 e6 5. c3 Nd7 6. Nbd2 h6 7. b4 a5 8. b5 c5 9.
a4 b6 10. Be2 Ne7 11. O-O Ng6 12. Re1 Be7 13. h3 Nf4 14. Nf1 Nxe2+ 15. Qxe2 O-O
16. Ne3 Bh7 17. Bd2 Rc8 18. Rac1 Rc7 19. Ng4 Kh8 20. Be3 Qb8 21. Nd2 Rfc8 22.
Nf1 cxd4 23. cxd4 Rc4 24. Rxc4 Rxc4 25. Qa2 Qc8 26. Nd2 Rc2 27. Qb3 Nf8 28. f3
Ng6 29. g3 Bb4 30. Rd1 h5 31. Nf2 Rc3 32. Qb1 Ne7 33. Qb2 Rxe3 34. Rc1 Rc3 35.
Rxc3 Qxc3 36. Qxc3 Bxc3 37. Nb3 Bc2 38. Nxa5 Bxa5 39. Nd3 0-1

[Event "Wellington Club Championship - Open Swiss"]
[Site "Wellington Chess Club"]
[Date "2024.10.24"]
[Round "5.7"]
[White "Saglam, Azra Sena"]
[Black "Xu, Laura"]
[Result "0-1"]
[WhiteElo "1589"]
[BlackElo "1500"]

1. c4 e6 2. Nc3 d5 3. cxd5 exd5 4. d4 Nf6 5. Nf3 Bb4 6. Bg5 Qd6 7. Bd2 Bxc3 8.
bxc3 Ne4 9. e3 Bg4 10. Be2 O-O 11. O-O Nd7 12. h3 Nxd2 13. Nxd2 Bf5 14. c4 c6
15. Qb3 Rab8 16. Rac1 dxc4 17. Nxc4 Qg6 18. Kh2 Be6 19. Qa3 Nf6 20. Ne5 Qh6 21.
Qxa7 Nd7 22. Nxd7 Bxd7 23. Rb1 Qd6+ 24. g3 Ra8 25. Qxb7 Rfb8 26. Qxb8+ Rxb8 27.
a4 Rxb1 28. Rxb1 g6 29. a5 Qc7 30. a6 Bc8 31. Ra1 Qa7 32. Kg2 Kf8 33. h4 Ke7
34. Bd3 Kd6 35. f3 Qd7 36. g4 Qa7 37. Kg3 h5 38. gxh5 gxh5 39. Be4 Qd7 40. Kf2
Qh3 41. Ke2 Qg2+ 42. Kd3 Bxa6+ 43. Kc3 Qe2 0-1

[Event "Wellington Club Championship - Open Swiss"]
[Site "Wellington Chess Club"]
[Date "2024.10.24"]
[Round "5.11"]
[White "Brockway, Andrew"]
[Black "Dhamodharam, Aadhav"]
[Result "1-0"]
[WhiteElo "1713"]
[BlackElo "1477"]

1. e4 c5 2. Nc3 Nc6 3. f4 g6 4. Nf3 Bg7 5. Bb5 Nd4 6. O-O a6 7. Bc4 e6 8. d3
Ne7 9. Nxd4 cxd4 10. Ne2 O-O 11. Qe1 b5 12. Bb3 Bb7 13. Qg3 d5 14. f5 exf5 15.
Bg5 dxe4 16. Qh4 Re8 17. dxe4 Bxe4 18. Ng3 Bc6 19. Rae1 Ra7 20. Bf6 Bxf6 21.
Qxf6 Nd5 22. Qxc6 Ne3 23. Rf2 Rc7 24. Qxa6 Nxc2 25. Rxe8+ Qxe8 26. Re2 Ne3 27.
Re1 d3 28. Qa5 Rc1 29. Rxc1 Ng4 30. Qe1 1-0

[Event "Wellington Club Championship - Open Swiss"]
[Site "Wellington Chess Club"]
[Date "2024.10.24"]
[Round "5.12"]
[White "Page, Archer"]
[Black "Hupert, Leo"]
[Result "1-0"]
[WhiteElo "1600"]
[BlackElo "1389"]

1. d4 e6 2. e4 d5 3. Nc3 Bb4 4. Bd3 c5 5. Nf3 cxd4 6. Nxd4 e5 7. Nf3 d4 8. a3
Ba5 9. b4 Bb6 10. Nd5 f6 11. O-O Ne7 12. Bc4 Be6 13. Nxb6 Qxb6 14. Bxe6 Qxe6
15. Bb2 Nbc6 16. c3 dxc3 17. Bxc3 Rd8 18. Qa4 O-O 19. b5 Nb8 20. Qxa7 Rd7 21.
Bb4 b6 22. Qa4 Qc4 23. Rfe1 Rf7 24. Rac1 Qe6 25. Qc2 Rd8 26. Rcd1 Nd7 27. Qc7
Rff8 28. Rd6 Qf7 29. Rxd7 Rxd7 30. Qxd7 Re8 31. Rc1 g5 32. h3 Ng6 33. Qxf7+
Kxf7 34. Rc7+ Kg8 35. Rc6 Nf4 36. Rxf6 Ne6 37. Nxe5 Nf4 38. Nd7 Rxe4 39. Nxb6
Nd3 40. Nd5 Ne5 41. Rf5 Kg7 42. Bc3 Kg6 43. Rxe5 Rxe5 44. Bxe5 Kf5 45. Bg3 1-0

[Event "Wellington Club Championship - Open Swiss"]
[Site "Wellington Chess Club"]
[Date "2024.10.24"]
[Round "5.13"]
[White "Pham, Anthony"]
[Black "Grant, Elliot"]
[Result "0-1"]
[WhiteElo "1151"]
[BlackElo "1667"]

1. e4 c6 2. d4 d5 3. e5 Bf5 4. h4 h5 5. Nf3 e6 6. Nc3 Nd7 7. a3 c5 8. Bb5 a6 9.
Bxd7+ Qxd7 10. b3 Rc8 11. Bb2 cxd4 12. Nxd4 Bg6 13. Qd2 Bc5 14. Nce2 Ne7 15.
Ng1 Bxd4 16. Qxd4 Bxc2 17. Rc1 Bxb3 18. Rxc8+ Qxc8 19. Ne2 Bc4 20. a4 Nf5 21.
Qd2 Bxe2 22. Qxe2 Qc4 23. Qxc4 dxc4 24. Rh3 O-O 25. Bc3 b5 26. axb5 axb5 27. f3
Rb8 28. Bb4 Nd4 29. Kd2 Rd8 30. Kc3 Ne2+ 31. Kc2 Nf4 32. Rh2 Rd4 33. Kc3 Ng6
34. g4 hxg4 35. fxg4 Nxe5 36. g5 Rd3+ 37. Kc2 Nc6 38. Bc3 b4 39. Bb2 Nd4+ 40.
Bxd4 Rxd4 41. h5 Rg4 42. h6 gxh6 43. gxh6 Kh7 44. Rh3 Rg2+ 45. Kc1 b3 46. Rf3
f5 47. Rf4 c3 48. Rc4 Rg1# 0-1

[Event "Wellington Club Championship - Open Swiss"]
[Site "Wellington Chess Club"]
[Date "2024.10.24"]
[Round "5.14"]
[White "Hao, John"]
[Black "List, Robert"]
[Result "0-1"]
[WhiteElo "1045"]
[BlackElo "1653"]

1. e4 b6 2. d4 Bb7 3. Nc3 e6 4. Be2 Bb4 5. Bd2 Bxc3 6. Bxc3 Bxe4 7. Nf3 Nf6 8.
O-O O-O 9. Bd3 Bxf3 10. Qxf3 Nd5 11. Bb4 Re8 12. c4 Nxb4 13. Qxa8 Nxd3 14. Qxa7
Nxb2 15. Rfc1 Nd3 16. Rc3 Nf4 17. Rc2 Qf6 18. Qxc7 Qxd4 19. Rb1 Qe4 0-1

[Event "Wellington Club Championship - Open Swiss"]
[Site "Wellington Chess Club"]
[Date "2024.10.24"]
[Round "5.15"]
[White "Ravi, Vrajesh"]
[Black "Kumar, Raghava"]
[Result "0-1"]
[WhiteElo "1114"]
[BlackElo "1500"]

1. e4 e6 2. d4 c5 3. dxc5 Bxc5 4. Bc4 Qb6 5. Qe2 Nc6 6. Nf3 Nd4 7. Nxd4 Bxd4 8.
c3 Bc5 9. b3 Nf6 10. b4 Be7 11. Be3 Qc7 12. O-O Nxe4 13. Bxa7 Nxc3 14. Nxc3
Rxa7 15. Nb5 Qb6 16. Nxa7 Qxa7 17. Qb2 Bf6 18. Qe2 Bxa1 19. Rxa1 O-O 20. Qe3 b6
21. a4 d5 22. Bd3 Qc7 23. Rc1 Qd6 24. Qh3 g6 25. Qh4 Bb7 26. g3 d4 27. Rc4 e5
28. f4 e4 29. Bf1 d3 30. Bh3 Qd5 31. Rc1 e3 32. Bg4 Qg2# 0-1

[Event "Wellington Club Championship - Open Swiss"]
[Site "Wellington Chess Club"]
[Date "2024.10.24"]
[Round "5.17"]
[White "Sun, William"]
[Black "He, Jacob"]
[Result "1-0"]
[WhiteElo "807"]
[BlackElo "1058"]

1. e4 e5 2. Nf3 Nc6 3. Bc4 Bc5 4. b4 Bxb4 5. c3 Be7 6. d4 exd4 7. cxd4 Bb4+ 8.
Nbd2 d6 9. Qa4 Bd7 10. Qb3 Qe7 11. Bd5 a5 12. a3 Bxd2+ 13. Bxd2 Bg4 14. Qxb7
Ra7 15. Bxc6+ Bd7 16. Qb8+ Qd8 17. Bxd7+ Ke7 18. Qxa7 Qxd7 19. O-O c6 20. Qxd7+
Kxd7 21. Bxa5 Nf6 22. e5 dxe5 23. dxe5 1-0

[Event "Wellington Club Championship - Open Swiss"]
[Site "Wellington Chess Club"]
[Date "2024.10.24"]
[Round "5.18"]
[White "Miriyala, Sreenikesh"]
[Black "Cao, Sam"]
[Result "1-0"]
[WhiteElo "948"]
[BlackElo "1048"]

1. e4 e5 2. Nf3 Nc6 3. d4 exd4 4. Bc4 Bb4+ 5. c3 dxc3 6. bxc3 Ba5 7. Qd5 Qe7 8.
Ba3 d6 9. Bb5 Bd7 10. Bxc6 Bxc6 11. Qxa5 Qxe4+ 12. Kd1 Qd3+ 13. Nbd2 Nf6 14.
Re1+ Ne4 15. Qb4 O-O 16. Qd4 Nxc3+ 17. Kc1 Ne2+ 18. Rxe2 Qxe2 19. Bb2 f6 20.
Kc2 Qb5 21. Rb1 Qa4+ 22. Qxa4 Bxa4+ 23. Nb3 Rfe8 24. Rc1 Re2+ 25. Kb1 Rxf2 26.
Rxc7 Rxg2 27. Rxb7 Rf2 28. Nfd4 Rxh2 29. Nf5 g6 30. Nxd6 f5 31. Rg7+ Kf8 32.
Rf7+ Kg8 33. Rg7+ Kf8 34. Rf7+ Kg8 35. Nc5 Bc2+ 36. Kc1 a5 37. Rg7+ 1-0

[Event "Wellington Club Championship - Open Swiss"]
[Site "Wellington Chess Club"]
[Date "2024.10.24"]
[Round "5.19"]
[White "Qin, Dan"]
[Black "Dey, Kyle"]
[Result "1-0"]
[WhiteElo "1177"]
[BlackElo "917"]

1. d4 d5 2. Bf4 Nc6 3. e3 Bf5 4. c3 Nf6 5. Nf3 Be4 6. Bd3 Bxd3 7. Qxd3 e6 8.
Nbd2 Be7 9. O-O O-O 10. Rfe1 Qd7 11. Ne5 Nxe5 12. dxe5 Nh5 13. Nf3 Nxf4 14.
exf4 Bc5 15. Ng5 g6 16. Qh3 h5 17. g4 Rfd8 18. gxh5 gxh5 19. Qxh5 Kf8 20. Qh8+
Ke7 21. Qf6+ Ke8 22. h4 Qe7 23. Qg7 Kd7 24. Kg2 Rg8 25. Qf6 Qf8 26. Kf3 d4 27.
Rad1 Qg7 28. Qxf7+ Qxf7 29. Nxf7 Ke7 30. Ng5 dxc3 31. bxc3 Raf8 32. Rg1 Rh8 33.
Rg4 Rf5 34. Rh1 Rhf8 35. Ne4 Bb6 36. h5 Rh8 37. h6 Rf7 38. Rg6 Rfh7 39. Ng5 Rf7
40. Nxf7 Kxf7 41. Rg7+ Kf8 42. Rh5 Rxh6 43. Rxh6 Kxg7 44. Rxe6 Ba5 45. c4 Kf7
46. f5 c5 47. Ke4 b6 48. Kd5 Bb4 49. Rc6 Ke7 50. Rc7+ Kd8 51. Rxa7 Ke8 52. e6
Kf8 53. f6 Ke8 54. Ra8# 1-0

[Event "Wellington Club Championship - Open Swiss"]
[Site "Wellington Chess Club"]
[Date "2024.10.24"]
[Round "5.21"]
[White "Wong, Jaden"]
[Black "Ulm, Eric"]
[Result "0-1"]
[WhiteElo "995"]
[BlackElo "1473"]

1. e4 e6 2. d4 d5 3. e5 c5 4. c3 Qb6 5. Nf3 Bd7 6. Be3 Qxb2 7. Nbd2 Qxc3 8. Rc1
Qa5 9. Ra1 c4 10. Be2 h6 11. O-O Ne7 12. Ne1 Ng6 13. Ndf3 Be7 14. Nc2 O-O 15.
h3 Nh4 16. Nxh4 Bxh4 17. Qb1 Qb6 18. a4 Qxb1 19. Rfxb1 b6 20. a5 b5 21. Bd2 a6
22. Bb4 Re8 23. g3 Be7 24. Bxe7 Rxe7 25. f4 Nc6 26. g4 Rf8 27. Rf1 b4 28. Ne3
Nxd4 29. Rf2 Nxe2+ 30. Rxe2 b3 0-1

[Event "Wellington Club Championship - Open Swiss"]
[Site "Wellington Chess Club"]
[Date "2024.10.24"]
[Round "5.22"]
[White "Darr, Samuel"]
[Black "Sethuramalingam, Niranjana"]
[Result "1-0"]
[WhiteElo "1679"]
[BlackElo "1098"]

1. e4 c6 2. d4 d5 3. exd5 cxd5 4. c4 e6 5. Nc3 Nc6 6. Nf3 Nf6 7. Bg5 Bb4 8. a3
Bxc3+ 9. bxc3 O-O 10. Bd3 Re8 11. O-O Qe7 12. cxd5 exd5 13. Re1 Be6 14. c4 h6
15. cxd5 hxg5 16. dxe6 fxe6 17. Nxg5 Nxd4 18. Bc4 Rad8 19. Qb1 Qd6 20. Qg6 Rc8
21. Bxe6+ Nxe6 22. Qf7+ Kh8 23. Nxe6 Rxe6 24. Qxe6 Qd4 25. Qxc8+ Kh7 26. Qxb7
1-0

[Event "Wellington Club Championship - Open Swiss"]
[Site "Wellington Chess Club"]
[Date "2024.10.31"]
[Round "6.1"]
[White "Thirkell, Zachary"]
[Black "Ashe, Michael"]
[Result "1-0"]
[WhiteElo "1834"]
[BlackElo "1591"]
[WhiteFideId "4322207"]
[BlackFideId "4310462"]
[PlyCount "0"]
[EventDate "2024.09.26"]
[SourceDate ""]

1. d4 Nf6 2. Bg5 d5 3. Nd2 c5 4. c3 Nc6 5. e3 e6 6. f4 Be7 7. Bd3 cxd4 8. exd4
h6 9. Bh4 Qc7 10. Qf3 Bd7 11. Ne2 a6 12. a4 Ne4 13. Bxe7 Nxd2 14. Kxd2 Nxe7 15.
h4 O-O 16. Qe3 b5 17. axb5 Bxb5 18. Nc1 Rfb8 19. g4 Bc4 20. Rb1 Rb6 21. Rh2
Rab8 22. Kd1 R8b7 23. Rd2 Qb8 24. Qf2 a5 25. h5 a4 26. g5 Nf5 27. Bxc4 dxc4 28.
Na2 a3 29. Kc1 Rxb2 30. Rbxb2 Rxb2 31. Rxb2 Qxb2+ 32. Qxb2 axb2+ 33. Kxb2 Ng3
34. gxh6 gxh6 35. Nc1 Nxh5 36. Ne2 Nf6 37. Ka3 Nd5 38. Ka4 h5 39. Kb5 Ne3 40.
Kc5 f5 41. d5 exd5 42. Kd4 Nf1 43. Kxd5 h4 44. Ng1 Ne3+ 45. Kd4 Ng2 46. Nh3
{and in this drawn position Black lost on time} 1-0

[Event "Wellington Club Championship - Open Swiss"]
[Site "Wellington Chess Club"]
[Date "2024.10.31"]
[Round "6.2"]
[White "Saglam, Yigit"]
[Black "Lavender, Ariel J"]
[Result "1-0"]
[WhiteElo "1810"]
[BlackElo "1547"]
[PlyCount "61"]
[GameId "2107298395062311"]
[EventDate "2024.09.26"]

1. e4 c5 2. Nc3 e6 3. d4 cxd4 4. Qxd4 Nc6 5. Qa4 Nf6 6. Nf3 Bb4 7. Bd2 d5 8.
Bb5 Qb6 9. Qxb4 Bd7 10. Qa3 dxe4 11. Bxc6 Bxc6 12. Be3 Qc7 13. Nd4 Ng4 14. Nxc6
Nxe3 15. fxe3 Qxc6 16. O-O-O f5 17. Rd6 Qc4 18. Rd4 Qc6 19. Rhd1 Rc8 20. Rd7
Qxd7 21. Rxd7 Kxd7 22. Qxa7 Rc7 23. Nb5 Rhc8 24. Nxc7 Rxc7 25. Qd4+ Ke8 26. g4
Kf7 27. gxf5 exf5 28. Qd5+ Kf8 29. Qxf5+ Rf7 30. Qc8+ Ke7 31. Qxb7+ 1-0

[Event "Wellington Club Championship - Open Swiss"]
[Site "Wellington Chess Club"]
[Date "2024.10.31"]
[Round "6.3"]
[White "Xu, Laura"]
[Black "Marney, John"]
[Result "0-1"]
[WhiteElo "1500"]
[BlackElo "1696"]
[WhiteFideId "0"]
[BlackFideId "0"]
[PlyCount "0"]
[EventDate "2024.09.26"]
[SourceDate ""]

1. e4 e5 2. Nf3 Nc6 3. Bc4 Bc5 4. c3 Nf6 5. d4 exd4 6. e5 d5 7. Bb5 Ne4 8. cxd4
Bb6 9. O-O O-O 10. Nc3 Bg4 11. Re1 Nxd4 12. Be3 Nxc3 13. bxc3 Nxb5 14. Qd3 Bxf3
15. Bxb6 axb6 16. Qxf3 Ra3 17. Re3 d4 18. Rd3 Rxc3 19. Rad1 Qe7 20. Qe2 Re8 21.
f4 Qc5 22. a4 Rxd3 23. Qxd3 Nc3 24. Rd2 Nxa4 25. Qxd4 Qxd4+ 26. Rxd4 Nc5 27.
Kf2 Kf8 28. Ke2 Ke7 29. Kd2 Nb3+ 0-1

[Event "Wellington Club Championship - Open Swiss"]
[Site "Wellington Chess Club"]
[Date "2024.10.31"]
[Round "6.4"]
[White "Kang, Eushin"]
[Black "Pickering, Dean"]
[Result "1-0"]
[WhiteElo "1500"]
[BlackElo "1274"]
[WhiteFideId "0"]
[BlackFideId "0"]
[PlyCount "0"]
[EventDate "2024.09.26"]
[SourceDate ""]

1. d4 d5 2. c4 e6 3. Nc3 Nf6 4. cxd5 exd5 5. Bg5 Be7 6. e3 O-O 7. Bd3 h6 8. Bh4
c6 9. Nge2 Nh5 10. Bxe7 Qxe7 11. Qd2 Nd7 12. O-O Re8 13. Rab1 Nf8 14. b4 Nf6
15. Rfc1 Qd6 16. h3 N8h7 17. Bxh7+ Nxh7 18. b5 Ng5 19. Nf4 Bd7 20. Qb2 Bf5 21.
Ra1 Ne4 22. Nxe4 Bxe4 23. bxc6 bxc6 24. Qc3 Rec8 25. Qc5 Qf6 26. Rc3 Qg5 27.
Rac1 Qf5 28. Qd6 g5 29. Nh5 Qg6 30. Qxg6+ Bxg6 31. Nf6+ Kg7 32. Rxc6 Rxc6 33.
Rxc6 Rd8 34. Ng4 f6 35. Rc7+ Bf7 36. Nxh6 Rf8 37. Nxf7 Rxf7 38. Rxf7+ Kxf7 39.
g4 Kg6 40. f4 f5 41. Kg2 fxg4 42. hxg4 1-0